| 000 | 00745nam a2200229Ia 4500 | ||
|---|---|---|---|
| 005 | 20260504115203.0 | ||
| 008 | 241129s9999||||xx |||||||||||||| ||und|| | ||
| 020 | _a9781526160546 | ||
| 037 | _cGeneral Book | ||
| 040 |
_aRTL _beng _cRTL |
||
| 041 |
_aeng _2eng |
||
| 084 |
_aY:5:5(Y) R2 _qRTL |
||
| 245 | 0 | _aBirth controlled: Selective reproduction and neoliberal eugenics in South Africa and India | |
| 260 |
_aLondon _bManchester University Press _c2022 |
||
| 300 |
_axxi,375p. _bIncludes bibliographical references and index |
||
| 365 |
_aINR _b8590.1 |
||
| 650 |
_aReproductive Control _9725198 |
||
| 650 | _aSociology | ||
| 700 |
_aPande Amrita _eEditor |
||
| 942 |
_cGB _hY:5:5(Y) R2 _2CC |
||
| 999 |
_c1224836 _d1224836 |
||